| 000 | 01025nam a2200265Ia 4500 | ||
|---|---|---|---|
| 003 | OSt | ||
| 005 | 20220923211204.0 | ||
| 006 | a|||||r|||| 00| 0 | ||
| 007 | ta | ||
| 008 | 220922b |||||||| |||| 00| 0 hin d | ||
| 020 |
_a8190196952 (hbk) _c600 |
||
| 024 | _a252,831 | ||
| 037 |
_b456, 11/03/2011, Vidyanidhi Prakashan _cTextual |
||
| 040 |
_aARTS _cARTS _bhin |
||
| 041 |
_2hin _ahin |
||
| 082 | _aO15,3N43x, 152Q0 | ||
| 100 |
_aडबराल, अशोक कुमार; सुशीला 'पन्नी', अनु. _9159323 |
||
| 245 | 0 | _aदुधुक्षा | |
| 246 | _aDudhukṣhā | ||
| 260 |
_aनई दिल्ली _b पन्नी प्रकाशन _c2010 |
||
| 300 |
_a414पृ. _ccm. |
||
| 650 |
_aसंस्कृत साहित्य _9159324 |
||
| 942 |
_hO15,3N43x, 152Q0 _cTEXL _2CC |
||
| 999 |
_c296546 _d296546 |
||